000 00577nam a2200205Ia 4500
005 20250923145051.0
008 008 250917s9999 xx 000 0 eng d
037 _aTextual
040 _aDSWL
_beng
_cDSWL
041 _aeng
_2eng
084 _aY1:6:1.N5z7, K6
_qDSWL
100 _aDahama, O.P.
_9831447
245 0 _aExtension and rural welfare
_cby O.P. Dahama
260 _aAgra
_bRam Prasad & Sons
_c1966
300 _axv,213p.
365 _aUSD
_b6.95
925 _g6.95
942 _cTEXL
_hY1:6:1.N5z7, K6
999 _c1446678
_d1446678